Start up India/ (Record no. 173429)

MARC details
000 -LEADER
fixed length control field 00574nam a22001937a 4500
005 - DATE AND TIME OF LATEST TRANSACTION
control field 20200224172130.0
010 ## - LCCN (DPL NO)
LC control number ENG-127944
020 ## - INTERNATIONAL STANDARD BOOK NUMBER
International Standard Book Number 9788188995424
Terms of availability 695.00
035 ## - SYSTEM CONTROL NUMBER
System control number EN-111476
037 ## - SOURCE OF ACQUISITION
Source of stock number/acquisition DBAD/PUB
082 ## - DEWEY DECIMAL CLASSIFICATION NUMBER
Classification number 658.110954
100 ## - MAIN ENTRY--PERSONAL NAME
Personal name Asha Kiran
245 ## - TITLE STATEMENT
Title Start up India/
Statement of responsibility, etc by Asha Kiran
260 ## - PUBLICATION, DISTRIBUTION, ETC. (IMPRINT)
Place of publication, distribution, etc New Delhi
Name of publisher, distributor, etc Gyandeep Prakashan
Date of publication, distribution, etc 2019
270 ## - ADDRESS
Address 689/3, Mehrauli, Near Roopanwala kuan
City New Delhi
Postal code 110030
300 ## - PHYSICAL DESCRIPTION
Extent vii;192p.
Dimensions 23cm(hb)
500 ## - GENERAL NOTE
General note Includes Bibliography and Index
942 ## - ADDED ENTRY ELEMENTS (KOHA)
Source of classification or shelving scheme Dewey Decimal Classification
Item type English Books
Classification part 658.110954
Call number suffix ASH
Holdings
Withdrawn status Lost status Not for loan Collection code Home library Current library Date acquired Source of acquisition Cost, normal purchase price Full call number Barcode Copy number Cost, replacement price Koha item type
      Non-fiction D.B.Act.Division D.B.Act.Division 24/02/2020 DBAD/PUB 695.00 658.110954 ASH EN-111476 1 695.00 English Books

© Delhi Public Library
Hit Counter
free hit counter